Statistics for Popular Video Games by Poster V

Click here to take the quiz!

General Stats

  • This quiz has been taken 32 times
  • The average score is 9 of 16

Answer Stats

Answer% Correct
Among Us
97%
Flappy Bird
97%
Borderlands
72%
Halo 3
72%
Star Wars: Battlefront
69%
Duck Hunt
66%
Guitar Hero
66%
Wii Fit
66%
Far Cry 6
62%
League of Legends
48%
Pokemon Red
48%
Terraria
48%
Destroy All Humans
38%
The Legend of Zelda: Ocarina of Time
38%
Metroid Prime
34%
StarCraft
17%

Score Distribution

Percentile by Number Answered

Percent of People with Each Score

Your Score History

You have not taken this quiz